00000000nam 2200000zi 4500
0019.947508
003CaOODSP
00520250131153608
006m     o  d f      
007cr bn|||||||||
008250129e197909  onco    o    f000 0 eng d
040 |aCaOODSP|beng|erda|cCaOODSP
043 |an-cn---
0861 |aDR52-19/14-1979E-PDF
1001 |aLeben, D. F., |eauthor.
24510|aEvaluation of UK PQ oxygen mask for use in CF aircraft / |cD.F. Leben.
264 1|aDownsview, Ontario : |bDefence and Civil Institute of Environmental Medicine, MLSD Division : |bDepartment of National Defence, Canada, |cSeptember 1979.
300 |a1 online resource (iii, 27 pages) : |bphotographs.
336 |atext|btxt|2rdacontent
337 |acomputer|bc|2rdamedia
338 |aonline resource|bcr|2rdacarrier
4901 |aDCIEM report ; |vno. 79-R-39
500 |aDigitized edition from print [produced by Defence R&D Canada].
650 0|aAirplanes|zCanada|xOxygen equipment|xEvaluation.
650 0|aBreathing apparatus|zCanada|xEvaluation.
650 0|aFlying helmets|zCanada.
650 6|aAvions|zCanada|xÉquipement d'oxygène|xÉvaluation.
650 6|aRespirateurs|zCanada|xÉvaluation.
650 6|aCasques d'aviateur|zCanada.
7102 |aDefence and Civil Institute of Environmental Medicine (Canada), |eissuing body.
7101 |aCanada. |bDepartment of National Defence, |eissuing body.
830#0|aDCIEM report ;|vno. 79-R-39.|w(CaOODSP)9.941842
85640|qPDF|s3.79 MB|uhttps://publications.gc.ca/collections/collection_2025/rddc-drdc/DR52-19-14-1979-eng.pdf